01401nab a22002297a 4500999001500000003000400015005001700019008004100036040000700077100003400084245007400118260007300192300001300265500004500278505053000323505008900853650002300942650002800965650001900993773014601012942001301158 c5460d5460OSt20251113102932.0190604e xxu||||| |||| 00| 0 spa d cPJ 96462aFarini Duggan, Tomás 13aLa ley 27.786 de Organizaciones Criminales /cFarini Duggan, Tomás  aCiudad Autónoma de Buenos Aires :bThomson Reuters La Ley, c2025. ap. 28-44 aCita Online: TR LALEY AR/DOC/1155/2025.  tSumario: I. Marco general de la ley 27.786.— II. Introducción.— III. El contenido de la ley.— IV. Decomiso: antecedentes y evolución.— V. Naturaleza jurídica.— VI. Decomiso sin condena.— VII. Antecedentes del decomiso sin condena.— VIII. El caso de lavado de activos de origen ilícito.— IX. De la vinculación entre el lavado y el decomiso.— X. La ley 27.786 y la posibilidad de establecer decomiso sin sentencia.— XI. Revisión jurisprudencial del decomiso sin condena.— XII. Conclusión.  t¿Te interesa el texto completo? Solicitalo al correo: koha@justierradelfuego.gov.ar 09343aDERECHO PENAL 093064aLAVADO DE ACTIVOS 096463aDECOMISO0 0271493171dCiudad Autónoma de Buenos Aires : Thomson Reuters La Ley, 2014-tRevista anales de legislación argentina. Nº 6 - Junio 2025. 2udccANA